[Event "Tatry op"]
[Site "Tatranska Lomnica"]
[Date "1999.10.08"]
[Round "7"]
[White "Walek, Milan"]
[Black "Hlinka, Vasil"]
[Result "1-0"]
[WhiteElo "2343"]
[BlackElo "2193"]

1.e4 c5 2.Nf3 Nc6 3.Nc3 Nf6 4.d4 cxd4 5.Nxd4 e5 6.Ndb5 d6 7.Bg5 a6 8.Na3 b5
9.Bxf6 gxf6 10.Nd5 f5 11.exf5 Bxf5 12.c3 Be6 13.Nc2 Bg7 14.Nce3 Ne7 15.g3 Nxd5
16.Nxd5 O-O 17.Bg2 Rb8 18.O-O a5 19.a3 f5 20.Qh5 Kh8 21.Rad1 Bf7 22.Qh3 e4
23.Qxf5 Bg6 24.Qg4  1-0

[Event "Budapest FS10 GM"]
[Site "Budapest"]
[Date "1999.10.10"]
[Round "9"]
[White "Fogarasi, Tibor"]
[Black "Rajlich, Vasik G"]
[Result "1-0"]
[WhiteElo "2420"]
[BlackElo "2297"]

1.e4 c5 2.Nc3 Nc6 3.Nf3 g6 4.Bb5 Bg7 5.O-O d6 6.d3 Bd7 7.a4 a6 8.Bc4 Nf6
9.h3 O-O 10.Be3 Na5 11.Ba2 b5 12.axb5 axb5 13.e5 Ne8 14.exd6 exd6 15.Bg5 Nf6
16.Bd5 Rb8 17.Ne4 Bc6 18.Bxc6 Nxc6 19.Ra6 Rc8 20.c4 bxc4 21.dxc4 Rc7 22.Qa4 Nxe4
23.Bxd8 Nxd8 24.Qc2 f5 25.Nd2 Nc6 26.Nxe4 Nb4 27.Qa4 fxe4 28.Rxd6 Nd3 29.Rd7 Nxb2
30.Qb5 Rxd7 31.Qxd7 Bd4 32.Kh2 Nd3 33.Qe6+ Kg7 34.Qxe4 Nxf2 35.Qe2 Rf5 36.g3 Rf7
37.Kg2 h5 38.Rb1 Ra7 39.Rb8 Rf7 40.Qe8 Kf6 41.Qg8 Rg7 42.Qf8+ Kg5 43.Qf4+  1-0

[Event "Asia-chT"]
[Site "Shenyang"]
[Date "1999.10.10"]
[Round "1"]
[White "Mallahi, Amir"]
[Black "Tu Hoang Thong"]
[Result "1/2-1/2"]
[WhiteElo "2317"]
[BlackElo "2515"]

1.e4 c5 2.Nf3 Nc6 3.Nc3 e5 4.Bc4 Be7 5.O-O d6 6.Nd5 Nf6 7.Re1 O-O 8.c3 Be6
9.d4 cxd4 10.cxd4 Bg4 11.dxe5 Nxe5 12.Nxe7+ Qxe7 13.Be2 Rfe8 14.Bg5 h6 15.Bxf6 Qxf6
16.Nxe5 Bxe2 17.Nd7 Qe7 18.Rxe2 Qxd7 19.Qd4 d5 20.Re3 Red8 21.Rd1 Rac8 22.exd5 Qd6
23.h3 b6 24.Rg3 g6 25.Re3 Qc5 26.Qd2 Qc2 27.Rd3 Qxd2 28.R3xd2 Kf8 29.f3 Ke7
30.Kf2 Kd6 31.f4 Re8 32.Kf3 Rc4 33.Rd4 Rc2 34.R1d2 Rec8 35.Ke3 Rxd2 36.Rxd2  1/2-1/2

[Event "Asia-chT"]
[Site "Shenyang"]
[Date "1999.10.10"]
[Round "1"]
[White "Iuldachev, Saidali"]
[Black "Ni Hua"]
[Result "1-0"]
[WhiteElo "2491"]
[BlackElo "2369"]

1.e4 c5 2.Nc3 Nc6 3.Nf3 g6 4.d4 cxd4 5.Nxd4 Bg7 6.Nb3 Nf6 7.Bc4 O-O 8.O-O d6
9.Re1 a6 10.Bf1 b6 11.Nd5 Bb7 12.c3 Nd7 13.Bg5 h6 14.Bh4 g5 15.Bg3 e6 16.Ne3 Nde5
17.Qh5 Qf6 18.Rad1 Rad8 19.Rd2 Ne7 20.Red1 Bxe4 21.Bxe5 Qxe5 22.Ng4 Qf4 23.Nxh6+ Bxh6
24.Qxh6 d5 25.Nd4 Nf5 26.Nxf5 Qxf5 27.Bxa6 Ra8 28.Bd3 Qg6 29.Qxg6+ Bxg6 30.Bxg6 fxg6
31.a3 Rac8 32.Rd4 Rf5 33.R1d3 Kf7 34.Rg3 Kf6 35.Rdg4 Rc4 36.h4 Rxg4 37.Rxg4 gxh4
38.Rxh4 e5 39.Rb4 Ke7 40.Rxb6 d4 41.cxd4 exd4 42.Rb4 Rd5 43.Kf1 Ke6 44.Ke2 Ke5
45.Kd3 Rd6 46.f4+  1-0

[Event "Tatry op"]
[Site "Tatranska Lomnica"]
[Date "1999.10.10"]
[Round "9"]
[White "Sikora Lerch, Jan"]
[Black "Zambor, Norbert"]
[Result "1-0"]
[WhiteElo "2382"]
[BlackElo "2192"]

1.e4 c5 2.Nc3 Nc6 3.Nge2 Nf6 4.d4 cxd4 5.Nxd4 e5 6.Ndb5 d6 7.Bg5 a6 8.Na3 b5
9.Bxf6 gxf6 10.Nd5 f5 11.Bd3 Be6 12.c4 Qa5+ 13.Kf1 Rc8 14.exf5 Bxd5 15.cxd5 Nd4
16.Rc1 Rxc1 17.Qxc1 h5 18.h4 Bh6 19.Qc8+ Qd8 20.Qxa6 Qc7 21.g3 Ke7 22.Nxb5 Nxb5
23.Qxb5 Rb8 24.Qc6 Qxc6 25.dxc6 Rxb2 26.f6+ Kd8 27.Bc4 Kc7 28.Bxf7 Kxc6 29.Kg2 d5
30.Rd1 d4 31.Bxh5 Be3 32.Rf1 e4 33.Kh3 Bh6 34.g4 Rxa2 35.g5 Bf8 36.g6 Bh6
37.g7  1-0

[Event "Tatry op"]
[Site "Tatranska Lomnica"]
[Date "1999.10.10"]
[Round "9"]
[White "Vojtek, Vladimir"]
[Black "Kovalev, Andrei"]
[Result "0-1"]
[WhiteElo "2386"]
[BlackElo "2400"]

1.e4 c5 2.Nf3 Nc6 3.Nc3 d6 4.d4 cxd4 5.Nxd4 Nf6 6.Bc4 e6 7.Bb3 a6 8.O-O Qc7
9.Be3 Na5 10.Qf3 b5 11.Rae1 Nxb3 12.cxb3 Bb7 13.Bg5 Be7 14.Qd3 O-O 15.Rc1 Qa5
16.f4 b4 17.Bxf6 Bxf6 18.Na4 Rac8 19.f5 Qe5 20.Rcd1 Bxe4 21.Qxa6 Qxd4+ 22.Rxd4 Bxd4+
23.Kh1 Rc2 24.Rf3 Rfc8 25.h4 Rc1+ 26.Kh2 Be5+ 27.Rg3 R8c2  0-1

[Event "Asia-chT"]
[Site "Shenyang"]
[Date "1999.10.12"]
[Round "4"]
[White "Yu Shaoteng"]
[Black "Mas, Hafizulhelmi"]
[Result "0-1"]
[WhiteElo "2435"]
[BlackElo "2426"]

1.e4 c5 2.Nc3 Nc6 3.Nf3 e5 4.Bc4 d6 5.d3 Be7 6.Nd2 Bg5 7.h4 Bxd2+ 8.Bxd2 h6
9.Qh5 g6 10.Qd1 Nf6 11.Qc1 Ng8 12.Nd5 Be6 13.c3 Nce7 14.a4 Bxd5 15.exd5 Kf8
16.Qd1 Kg7 17.Qf3 Qd7 18.d4 Nf6 19.dxe5 dxe5 20.Be3 b6 21.Bb3 e4 22.Qe2 Nexd5
23.Rd1 Qc6 24.Qc4 Rad8 25.g4 Qe6 26.g5 hxg5 27.Bxg5 Rh5 28.Qe2 Rd6 29.Qd2 c4
30.Bxc4 e3 31.Qe2 exf2+ 32.Kf1 Ne4 33.Bf4 Nxf4 34.Bxe6 Nxe2 35.Rxd6 Nxd6  0-1

[Event "Asia-chT"]
[Site "Shenyang"]
[Date "1999.10.13"]
[Round "5"]
[White "Juswanto, Denny"]
[Black "Iuldachev, Saidali"]
[Result "0-1"]
[WhiteElo "2465"]
[BlackElo "2491"]

1.e4 c5 2.Nf3 Nc6 3.Nc3 e6 4.Bb5 Nge7 5.O-O Ng6 6.d4 cxd4 7.Nxd4 Be7 8.Be3 O-O
9.Qh5 Bf6 10.Rad1 Nxd4 11.Bxd4 Bxd4 12.Rxd4 a6 13.Bc4 b5 14.Bb3 Bb7 15.Rfd1 Bc6
16.Qf3 Rc8 17.a4 Qe7 18.axb5 axb5 19.Qe3 Kh8 20.f3 f5 21.exf5 Rxf5 22.Ne4 Rcf8
23.c3 Nh4 24.Rf1 Re5 25.Rdd1 Ng6 26.Qd4 d5 27.Ng3 Rg5 28.Rfe1 h5 29.Qb6 Qe8
30.Ne2 Nh4 31.Ng3 Qg6 32.Qc7 Bd7 33.Re2 Qf7 34.Rf1 Ng6 35.f4 Nxf4 36.Ref2 e5
37.Qd6 h4 38.Bxd5 Qf6 39.Qxf6 Rxf6 40.Ne4 Nh3+ 41.Kh1 Nxf2+ 42.Rxf2 Rxf2
43.Nxf2 Rg6 44.Ne4 Bf5 45.Kg1 Bxe4 46.Bxe4 Rd6 47.Kf1 Rd2 48.b4 g5 49.Ke1 Rb2
50.h3 Kg7 51.Kd1 Kf6 52.Bc2 Ke6 53.Be4 Kd6 54.Ke1 Ra2 55.Kd1 Rf2 56.Ke1  0-1

[Event "Asia-chT"]
[Site "Shenyang"]
[Date "1999.10.14"]
[Round "6"]
[White "Prasad, Devaki V"]
[Black "Mallahi, Amir"]
[Result "1-0"]
[WhiteElo "2432"]
[BlackElo "2317"]

1.e4 c5 2.Nf3 Nc6 3.Nc3 Nf6 4.Bb5 d6 5.e5 dxe5 6.Nxe5 Qc7 7.Bxc6+ bxc6 8.Qe2 e6
9.O-O Bd6 10.f4 O-O 11.d3 Rb8 12.Nc4 Be7 13.Qe5 Qxe5 14.Nxe5 Bb7 15.b3 Rfd8
16.Ba3 Nd5 17.Na4 Nb4 18.Rf2 Rbc8 19.Re1 Ba6 20.f5 exf5 21.Bxb4 cxb4 22.Nxc6 Rxc6
23.Rxe7 g6 24.Rxa7 Re8 25.h3 Re1+ 26.Kh2 Rc1 27.d4 Bf1 28.Nc5 Rd1 29.Rf4 Rd6
30.Rd7 Rxd7 31.Nxd7 Bb5 32.Nf6+ Kg7 33.Nd5 Bc6 34.Nxb4 Be4 35.Rf2 Rxd4 36.Na6 Rd1
37.Nc5 Bc6 38.a4 Ra1 39.Kg3 Kf6 40.Rd2 Ke5 41.Nd7+ Ke4 42.Rd6 Bxd7 43.Rxd7 Ra2
44.Re7+ Kd4 45.Kf4 g5+ 46.Kxf5 Rxc2 47.Rd7+ Ke3 48.Rxf7 Rf2+ 49.Ke6 Rxg2
50.Rxh7 Kd4 51.Rc7 Rg3 52.Rc4+ Kd3 53.Kf5 Rxh3 54.Kxg5 Rh1 55.Rb4 Kc3 56.Rb5 Rf1
57.a5 Ra1 58.b4 Rd1 59.a6 Rd6 60.a7  1-0

[Event "GRE-GER m"]
[Site "Corfu"]
[Date "1999.10.16"]
[Round "5"]
[White "Naumann, Alexander"]
[Black "Miladinovic, Igor"]
[Result "1/2-1/2"]
[WhiteElo "2478"]
[BlackElo "2526"]

1.e4 c5 2.Nf3 Nc6 3.Nc3 e6 4.Bb5 Nge7 5.O-O a6 6.Bxc6 Nxc6 7.d4 cxd4 8.Nxd4 d6
9.Re1 Be7 10.Nxc6 bxc6 11.Qg4 g6 12.b3 e5 13.Qe2 O-O 14.Ba3 Be6 15.Rad1 Qc7
16.Na4 f5 17.c4 fxe4 18.Nc3 Rf4 19.Qd2 Qa7 20.Qe3 Qc7 21.Qd2 Qa7 22.Qe3 Qc7
23.Qd2  1/2-1/2

[Event "Wichern op 5th"]
[Site "Hamburg"]
[Date "1999.10.16"]
[Round "2"]
[White "Dischinger, Frank"]
[Black "Lerner, Konstantin Z"]
[Result "0-1"]
[WhiteElo "2260"]
[BlackElo "2588"]

1.e4 c5 2.Nc3 Nc6 3.Nf3 d6 4.g3 g6 5.d4 cxd4 6.Nxd4 Bg7 7.Be3 Nf6 8.h3 Bd7
9.Bg2 Qc8 10.Rc1 Ne5 11.Qd3 Nc4 12.Nd1 O-O 13.b3 Nxe3 14.Nxe3 Qc5 15.Ne2 Qa5+
16.Qc3 Qa6 17.Qd2 Qxa2 18.O-O Qa3 19.b4 a5 20.Nc4 Qxb4 21.Qxb4 axb4 22.Nb6 Ra2
23.Nxd7 Nxd7 24.Nf4 Bh6 25.Rb1 Bxf4 26.gxf4 Rxc2 27.Rxb4 Nc5 28.Ra1 Rc8 29.Ra3 Rc7
30.Bf3 Ne6 31.e5 dxe5 32.fxe5 Rc1+ 33.Kg2 Re1 34.Ra5 Nc5 35.Rbb5 Nd3 36.Ra3 Nxe5
37.Bxb7 Rc2 38.Rb4 Nc4 39.Rf3 Rcc1 40.Rfb3 Na5 41.Ra3 Nxb7 42.Rxb7 Re5 43.Rf3 Rg5+  0-1

[Event "AUT2W-chT"]
[Site "Kufstein"]
[Date "1999.10.16"]
[Round "2.2"]
[White "Fuchs, Georg"]
[Black "Reich, Thomas"]
[Result "1-0"]
[WhiteElo "2184"]
[BlackElo "2403"]

1.e4 c5 2.Nf3 Nc6 3.Nc3 g6 4.d4 cxd4 5.Nxd4 Bg7 6.Be3 Nf6 7.Be2 O-O 8.Nb3 b6
9.Qd2 Bb7 10.Bh6 Bxh6 11.Qxh6 Qc7 12.O-O-O d5 13.f4 dxe4 14.h4 Nb4 15.h5 Rac8
16.Nd4 Rfd8 17.Kb1 Qc5 18.Nb3 Rxd1+ 19.Rxd1 Qf2 20.hxg6 fxg6 21.Nd4 Kf7 22.Qh3 Re8
23.Qe6+ Kg7 24.Bc4 Qxg2 25.Qf7+ Kh6 26.a3 Na6 27.Ne6 Nc5 28.Qg7+ Kh5 29.Be2+ Qxe2
30.Nxe2 Nxe6 31.Rh1+ Kg4 32.Qh6 Nh5 33.Rxh5 gxh5 34.Qxe6+ Kf3 35.Ng1+ Ke3
36.Qh3+ Kxf4 37.Qxh5 Rg8 38.Qf7+  1-0

[Event "Wichern op 5th"]
[Site "Hamburg"]
[Date "1999.10.17"]
[Round "3"]
[White "Golubev, Mihail"]
[Black "Reddmann, Hauke"]
[Result "1/2-1/2"]
[WhiteElo "2532"]
[BlackElo "2357"]

1.e4 c5 2.Nf3 Nc6 3.Nc3 d6 4.d4 cxd4 5.Nxd4 a6 6.Bc4 e6 7.Be3 Be7 8.Bb3 Nf6
9.f4 O-O 10.O-O Qc7 11.Qf3 Bd7 12.f5 Kh8 13.Nxc6 Bxc6 14.Rae1 b5 15.fxe6 fxe6
16.Bxe6 b4 17.Ne2 Bxe4 18.Qh3 d5 19.Nd4 Bc5 20.Bf5 Qa7 21.c3 bxc3 22.bxc3 Rae8
23.Kh1 Bxf5 24.Qxf5 Kg8 25.Bg1 Rxe1 26.Rxe1 Qb8 27.Qd3 Qc8 28.Nf5 Kh8 29.Bxc5 Qxc5
30.Qg3 Rg8 31.Nd6 Rf8 32.Re7 Ng4 33.Nf7+ Kg8 34.Nh6+ Kh8 35.Nf7+ Kg8 36.Nh6+ Kh8  1/2-1/2

[Event "VAM Hoogeveen op"]
[Site "Hoogeveen"]
[Date "1999.10.17"]
[Round "3"]
[White "Werle, Jan"]
[Black "Jens, Jonitz"]
[Result "1-0"]
[WhiteElo "2216"]
[BlackElo "2316"]

1.e4 c5 2.Nc3 Nc6 3.Bb5 Nd4 4.Ba4 g6 5.f4 Bg7 6.Nce2 Nxe2 7.Qxe2 e6 8.Nf3 Ne7
9.O-O O-O 10.c3 d5 11.e5 Bd7 12.Bc2 Qb6 13.Kh1 a5 14.b3 Qa6 15.Qf2 Rfc8 16.Ba3 Qa7
17.d4 b6 18.Bd3 Bf8 19.g4 a4 20.f5 exf5 21.Nh4 f4 22.Qxf4 Be6 23.Nf5 gxf5
24.gxf5 Bxf5 25.Bxf5 Nxf5 26.Qxf5 Rc6 27.Rg1+ Rg6 28.e6 Re8 29.Rae1 axb3
30.exf7+ Qxf7 31.Qxf7+ Kxf7 32.Rgf1+  1-0

[Event "Wichern op 5th"]
[Site "Hamburg"]
[Date "1999.10.18"]
[Round "5"]
[White "Luett, Michael"]
[Black "Berger, Steve"]
[Result "1/2-1/2"]
[WhiteElo "2090"]
[BlackElo "2280"]

1.e4 c5 2.Nc3 Nc6 3.Bb5 e6 4.Bxc6 dxc6 5.d3 Nf6 6.f4 Be7 7.Nf3 b6 8.O-O Qc7
9.Kh1 O-O 10.Ne5 Nd7 11.Nxd7 Bxd7 12.f5 exf5 13.exf5 f6 14.Ne4 Bd6 15.Nxd6 Qxd6
16.Bd2 Qd5 17.Qf3 Rae8 18.Qxd5+ cxd5 19.Rf2 Re5 20.g4 Rfe8 21.Kg2 Bc6 22.Kg3 b5
23.b3 Kf7 24.a4 bxa4 25.bxa4 c4 26.Ra3 g5 27.fxg6+ hxg6 28.h4 a6  1/2-1/2

[Event "Qingdao Daily Cup"]
[Site "Qingdao"]
[Date "1999.10.18"]
[Round "2"]
[White "Iuldachev, Saidali"]
[Black "Wang Shuo"]
[Result "1-0"]
[WhiteElo "2491"]
[BlackElo "2411"]

1.e4 c5 2.Nf3 Nc6 3.Nc3 d6 4.d4 cxd4 5.Nxd4 e5 6.Nf3 Nf6 7.h3 a6 8.Bc4 b5
9.Bb3 h6 10.O-O Bb7 11.a4 b4 12.Nd5 Nxe4 13.Be3 Nc5 14.Bxc5 dxc5 15.Re1 Bd6
16.Nb6 Rb8 17.Nc4 Bc7 18.Nfxe5 Nxe5 19.Nxe5 O-O 20.Nd7 Qg5 21.Qg4 Qxg4 22.hxg4 Bd6
23.Rad1 Bf4  1-0

[Event "Wichern op 5th"]
[Site "Hamburg"]
[Date "1999.10.20"]
[Round "7"]
[White "Pachow, Joerg"]
[Black "Raddatz, Michael"]
[Result "0-1"]
[WhiteElo "2351"]
[BlackElo "2099"]

1.e4 c5 2.Nc3 Nc6 3.Nge2 Nf6 4.g3 g6 5.Bg2 Bg7 6.O-O O-O 7.d3 d6 8.h3 a6
9.Bg5 h6 10.Be3 Qc7 11.a4 Rb8 12.Qd2 Kh7 13.g4 b5 14.axb5 axb5 15.Ng3 b4
16.Nce2 Na5 17.b3 Bb7 18.g5 hxg5 19.Bxg5 d5 20.Qf4 Qxf4 21.Bxf4 Ra8 22.Bc7 Nc6
23.exd5 Rxa1 24.dxc6 Rxf1+  0-1

[Event "Aars get2net Cup GM"]
[Site "Aars"]
[Date "1999.10.24"]
[Round "9"]
[White "Mortensen, Erling"]
[Black "Bekker Jensen, Simon"]
[Result "1/2-1/2"]
[WhiteElo "2445"]
[BlackElo "2436"]

1.e4 c5 2.Nc3 Nc6 3.Nf3 e5 4.Bc4 Be7 5.d3 d6 6.O-O Nf6 7.Nd5 O-O 8.Nxf6+ Bxf6
9.c3 Qe7 10.Re1 Be6 11.Bd5 Qd7 12.Bg5 Bxg5 13.Nxg5 Bxd5 14.exd5 Ne7 15.d4 h6
16.Nf3 exd4 17.cxd4 Nxd5 18.dxc5 dxc5 19.Ne5 Qd6 20.Nc4 Qd7 21.Ne5 Qd6 22.Nc4  1/2-1/2

[Event "ARM-ch"]
[Site "Yerevan"]
[Date "1999.10.25"]
[Round "10"]
[White "Sargissian, Gabriel"]
[Black "Minasian, Artashes"]
[Result "1-0"]
[WhiteElo "2470"]
[BlackElo "2600"]

1.Nf3 c5 2.e4 Nc6 3.Nc3 e5 4.Bc4 d6 5.d3 h6 6.Nd2 a6 7.a4 Nf6 8.Nf1 Bg4 9.f3 Be6
10.Ne3 Nb4 11.O-O g5 12.Ne2 d5 13.exd5 Nfxd5 14.c3 Nc6 15.Ng3 Qd7 16.Nxd5 Bxd5
17.Nh5 Be7 18.Ng7+ Kf8 19.Bxd5 Kxg7 20.Bxc6 Qxc6 21.Qe2 Bf6 22.Qe4 Rhd8 23.Be3 Rd5
24.h4 Rad8 25.hxg5 hxg5 26.Qg4 Rxd3 27.Bxg5 Kf8 28.Rae1 Bxg5 29.Qxg5 f6 30.Qh6+ Kf7
31.Qh7+ Ke6 32.f4 Rd2 33.Qh3+ Kd6 34.fxe5+ Kc7 35.exf6 c4 36.f7 R2d3 37.Qh2+  1-0

[Event "Wch U18"]
[Site "Oropesa del Mar"]
[Date "1999.10.26"]
[Round "3"]
[White "Kundin, Alexander"]
[Black "Pilaj, Herwig"]
[Result "1-0"]
[WhiteElo "2403"]
[BlackElo "2197"]

1.e4 c5 2.Nc3 Nc6 3.Nge2 Nf6 4.d4 cxd4 5.Nxd4 d6 6.Be2 e6 7.O-O Be7 8.Be3 O-O
9.f4 a6 10.a4 Qc7 11.Kh1 Re8 12.Qe1 Bd7 13.Nb3 Nb4 14.Rc1 Nxc2 15.Rxc2 Bxa4
16.Rc1 Bxb3 17.Nd5 Qb8 18.Nxe7+ Rxe7 19.Qb4 Bd5 20.exd5 Nxd5 21.Qd2 Nxe3
22.Qxe3 Qd8 23.h3 g6 24.Qc3 d5 25.Rc2 Rd7 26.Rfc1 d4 27.Qd3 Qh4 28.Qe4 Rad8
29.Bd3 Qg3 30.Rc7 Rxc7 31.Rxc7 Qe3 32.Rxb7 Qxe4 33.Bxe4 d3 34.Bf3 Rc8 35.Rd7 Rb8
36.Rb7 Rc8 37.Rb3 Rc1+ 38.Kh2 Rb1 39.Rxd3 Rxb2 40.Ra3 Rb6 41.Be2 h5 42.Rxa6 Rb7
43.Bf3 Rc7 44.Rc6 Ra7 45.Rb6 Rc7 46.Rb7 Rc8 47.f5 exf5 48.Bd5 Rf8 49.Kg3 Kg7
50.Kf4 Kf6 51.h4  1-0

[Event "Wch U14"]
[Site "Oropesa del Mar"]
[Date "1999.10.26"]
[Round "3"]
[White "Volokitin, Andrei"]
[Black "Flament, Francois"]
[Result "1-0"]
[WhiteElo "2307"]
[BlackElo "2039"]

1.e4 c5 2.Nf3 Nc6 3.Nc3 Nf6 4.Bb5 Nd4 5.e5 Nxb5 6.Nxb5 Nd5 7.Ng5 e6 8.Ne4 Qh4
9.d3 Qd8 10.c4 Nc7 11.Bg5 Be7 12.Nbd6+ Kf8 13.Qh5  1-0

[Event "ARM-ch"]
[Site "Yerevan"]
[Date "1999.10.26"]
[Round "11"]
[White "Matikozian, Andranik"]
[Black "Khachian, Melikset"]
[Result "1/2-1/2"]
[WhiteElo "2427"]
[BlackElo "2480"]

1.e4 c5 2.Nc3 Nc6 3.Nf3 g6 4.Bc4 Bg7 5.O-O d6 6.Re1 Nf6 7.d4 cxd4 8.Nxd4 O-O
9.Bb3 Nxd4 10.Qxd4 Nd7 11.Qd1 Nc5 12.Bg5 Be6 13.Nd5 Bxd5 14.exd5 Re8 15.c3 Qd7
16.Bc2 b5 17.Qf3 a5 18.a3  1/2-1/2

[Event "Wch U18"]
[Site "Oropesa del Mar"]
[Date "1999.10.29"]
[Round "6"]
[White "Carlsson, Pontus"]
[Black "Ibrahimov, Rasul"]
[Result "1-0"]
[WhiteElo "2186"]
[BlackElo "2396"]

1.e4 c5 2.Nc3 Nc6 3.Nf3 d6 4.d4 cxd4 5.Nxd4 e6 6.Be3 Nf6 7.f4 a6 8.Qf3 Qc7
9.O-O-O Be7 10.g4 Nxd4 11.Bxd4 e5 12.fxe5 dxe5 13.Qg3 Bd6 14.Be3 Be6 15.g5 Nh5
16.Qf3 Nf4 17.Bb5+ axb5 18.Nxb5 Qc6 19.Nxd6+ Ke7 20.Bxf4 exf4 21.Rhe1 Rhd8
22.Nf5+ Kf8 23.Qxf4 Qc5 24.Rxd8+ Rxd8 25.Rd1 Rc8 26.Qd6+ Qxd6 27.Rxd6 g6
28.Nd4 Bh3 29.Kd2 Kg7 30.Rb6 Rc7 31.Ke3 h6 32.gxh6+ Kxh6 33.c3 Kg5 34.Nf3+ Kh6
35.a4 Re7 36.Kf4 Kh5 37.Rb5+ f5 38.exf5 Bxf5 39.Nd4 Re4+ 40.Kf3 Kg5 41.Nxf5 Rf4+
42.Ke2 gxf5 43.Rb4  1-0

[Event "Wch U14"]
[Site "Oropesa del Mar"]
[Date "1999.10.31"]
[Round "7"]
[White "Llobell Cortell, Enrique"]
[Black "Palo, Davor"]
[Result "1-0"]
[WhiteElo "2198"]
[BlackElo "2141"]

1.e4 c5 2.Nc3 Nc6 3.Nf3 g6 4.d4 cxd4 5.Nxd4 Bg7 6.Be3 Nf6 7.Bc4 O-O 8.Bb3 d6
9.f3 Bd7 10.Qd2 Qa5 11.O-O-O Rfc8 12.Kb1 Ne5 13.Bg5 Nc4 14.Bxc4 Rxc4 15.Nb3 Qe5
16.Rhe1 Rxc3 17.bxc3 Be6 18.a4 Bc4 19.Be3 Qe6 20.Kb2 Qc8 21.Bg1 a5 22.Ra1 b5
23.axb5 a4 24.Nd4 Qb7 25.g4 e5 26.Nc6 Qxb5+ 27.Nb4 Ne8 28.Qe3 Qa5 29.Qb6 a3+
30.Kc1 Qa4 31.Be3 a2 32.Nd3 Bf6 33.Nb2 Qa3 34.Qb4 Be6 35.Qxa3 Rxa3 36.Bd2 Nc7
37.Re3 Bd8 38.c4 Ra6 39.Rb3 Ra8 40.Bb4 Be7 41.Ra3 Rb8 42.Bd2 d5 43.Ra7 dxe4
44.fxe4 Rc8 45.g5 h6 46.h4 hxg5 47.hxg5 f5 48.gxf6 Bxf6 49.R1xa2 g5 50.R2a3 g4
51.Rg3 Bh4 52.Rg2 Ne8 53.Ra5 Kf7 54.Nd3 Bf6 55.c5  1-0

[Event "Wch U16 Girls"]
[Site "Oropesa del Mar"]
[Date "1999.11.01"]
[Round "8"]
[White "Gara, Ticia"]
[Black "Maksutova, M."]
[Result "1-0"]
[WhiteElo "2233"]
[BlackElo "2059"]

1.e4 c5 2.Nc3 Nc6 3.Nf3 d6 4.d4 cxd4 5.Nxd4 Nf6 6.Be2 a6 7.O-O e6 8.Be3 Be7
9.Kh1 O-O 10.f4 Qc7 11.a4 Rb8 12.g4 b6 13.Nxc6 Qxc6 14.Bf3 Qc7 15.g5 Nd7
16.Bg2 Bb7 17.Qh5 g6 18.Qh4 Rfe8 19.Rf3 Qc4 20.Rh3 h5 21.Rd1 Qb4 22.Bd4 Qxb2
23.Bf3 e5 24.Bxh5 Kg7 25.Bxg6 Rh8 26.Bh7 Kf8 27.Qh6+ Ke8 28.g6 fxg6 29.Bxg6+ Kd8
30.Qxh8+ Kc7 31.Nd5+ Bxd5 32.Qxb8+  1-0

[Event "Wch U14"]
[Site "Oropesa del Mar"]
[Date "1999.11.01"]
[Round "8"]
[White "Galstian, Benik"]
[Black "Kuljarevic, Davorin"]
[Result "1-0"]
[WhiteElo "2180"]
[BlackElo "2067"]

1.e4 c5 2.Nf3 Nc6 3.Nc3 e6 4.Bb5 Nge7 5.O-O a6 6.Bxc6 Nxc6 7.d4 cxd4 8.Nxd4 Be7
9.Nxc6 dxc6 10.Qg4 Bf6 11.Qg3 e5 12.f4 exf4 13.Bxf4 Qb6+ 14.Kh1 Be6 15.Rad1 h5
16.Bc7 h4 17.Qd6  1-0

[Event "Extraliga CZE"]
[Site "Ostrava CZE"]
[Date "1999.11.01"]
[Round "2"]
[White "Mirumian,V"]
[Black "Babula,V"]
[Result "1/2-1/2"]
[WhiteElo "2506"]
[BlackElo "2567"]

1.e4 c5 2.Nf3 Nc6 3.Nc3 e6 4.Bb5 Nd4 5.O-O a6 6.Bd3 Ne7 7.Nxd4 cxd4 8.Ne2 d5
9.exd5 Nxd5 10.c3 dxc3 11.dxc3 Qc7 12.Nf4  1/2-1/2

[Event "Extraliga CZE"]
[Site "Ostrava CZE"]
[Date "1999.11.01"]
[Round "2"]
[White "Stocek,J"]
[Black "Jakubiec,A"]
[Result "1/2-1/2"]
[WhiteElo "2532"]
[BlackElo "2453"]

1.e4 c5 2.Nf3 Nc6 3.Nc3 e5 4.Bc4 Be7 5.d3 d6 6.Nd2 Nf6 7.Nf1 Bg4 8.f3 Be6
9.Ne3 a6 10.a4 Nb4 11.Qe2 O-O 12.O-O Rc8 13.Kh1 Re8 14.Bxe6 fxe6 15.Nc4 Nc6
16.f4  1/2-1/2

[Event "Wch U18"]
[Site "Oropesa del Mar"]
[Date "1999.11.02"]
[Round "9"]
[White "Grafl, Florian"]
[Black "Loetscher, Roland"]
[Result "0-1"]
[WhiteElo "2285"]
[BlackElo "2209"]

1.e4 c5 2.Nc3 Nc6 3.Nf3 g6 4.d4 cxd4 5.Nxd4 Bg7 6.Be3 d6 7.Qd2 Nf6 8.f3 O-O
9.Bc4 Bd7 10.h4 Rc8 11.Bb3 h5 12.O-O-O Ne5 13.Bg5 Rc5 14.Kb1 b5 15.g4 a5
16.gxh5 a4 17.hxg6 axb3 18.gxf7+ Kxf7 19.cxb3 Qa5 20.Bh6 Bxh6 21.Qxh6 b4
22.Na4 Rcc8 23.Rhg1 Rg8 24.Rg5 Qa7 25.Rxg8 Rxg8 26.Qd2 Qb7 27.Re1 Rg3 28.f4 Rd3
29.Qg2 Rxd4 30.fxe5 Rxe4 31.Rxe4 Bf5 32.Ka1 Bxe4 33.Qf1 dxe5 34.Nc5 Bg2 35.Qc4+ Qd5  0-1

[Event "Chigorin mem"]
[Site "St Petersburg"]
[Date "1999.11.02"]
[Round "1"]
[White "Najer, Evgeniy"]
[Black "Biriukov, Oleg V"]
[Result "1-0"]
[WhiteElo "2562"]
[BlackElo "2378"]

1.e4 c5 2.Nc3 Nc6 3.Nge2 g6 4.g3 Bg7 5.Bg2 d6 6.O-O e6 7.a3 Nge7 8.b4 b6
9.Rb1 O-O 10.d3 Bb7 11.Be3 Nd4 12.Na2 Rc8 13.c3 Nxe2+ 14.Qxe2 Qd7 15.b5 d5
16.c4 d4 17.Bd2 Rce8 18.e5 Bxg2 19.Kxg2 Qb7+ 20.Kg1 a6 21.a4 a5 22.Rbe1 Kh8
23.h4 Ng8 24.h5 gxh5 25.Qxh5 f6 26.Bf4 f5 27.Nc1 Ne7 28.Kh2 Ng6 29.Rh1 Nxf4
30.gxf4 Qf7 31.Qh3 Qg6 32.Reg1 Qh6 33.Ne2 Qxh3+ 34.Kxh3 Bh6 35.Rg3 Rg8 36.Kg2 Rxg3+
37.fxg3 Kg7 38.Kf3 Kg6 39.Rg1 Bg7 40.g4 fxg4+ 41.Rxg4+ Kf7 42.Ng3 Bf8 43.Ke4 Bg7
44.Kf3 Bf8 45.Nh5 Rd8 46.Ke4 Re8 47.Nf6 Rd8 48.f5 Be7 49.fxe6+ Kxe6 50.Nd5 Rh8
51.Rg7  1-0

[Event "Chigorin mem"]
[Site "St Petersburg"]
[Date "1999.11.02"]
[Round "1"]
[White "Solovjov, Sergey"]
[Black "Dubinka, Inna"]
[Result "1-0"]
[WhiteElo "2467"]
[BlackElo "2295"]

1.e4 c5 2.Nf3 Nc6 3.Nc3 Nf6 4.Bb5 d6 5.O-O Bd7 6.d4 cxd4 7.Nxd4 g6 8.Nxc6 bxc6
9.Bc4 Bg7 10.f4 O-O 11.h3 Rb8 12.Bb3 c5 13.Be3 Bc6 14.e5 Ne8 15.Qg4 Qc8 16.f5 Rb4
17.Qg5 Rb7 18.fxg6 hxg6 19.exd6 exd6 20.Nd5 Qd7 21.Rae1 a5 22.Bf4 Bd4+ 23.Kh2 Bxd5
24.Bxd5 Rxb2 25.Bc1 Rb5 26.Re7  1-0

[Event "Wch U16"]
[Site "Oropesa del Mar"]
[Date "1999.11.04"]
[Round "10"]
[White "Alcazar Jimenez, Jesus"]
[Black "D'Acosta, Lorin"]
[Result "0-1"]
[WhiteElo "2177"]
[BlackElo "2215"]

1.e4 c5 2.Nc3 Nc6 3.Bb5 Nd4 4.Bc4 e6 5.Nge2 Nf6 6.O-O a6 7.d3 b5 8.Bb3 Nxb3
9.axb3 Bb7 10.e5 Nd5 11.Ne4 Be7 12.N2g3 Qc7 13.c4 Nb4 14.f4 bxc4 15.bxc4 O-O-O
16.Be3 f5 17.exf6 gxf6 18.d4 h5 19.d5 exd5 20.cxd5 Nxd5 21.Bd2 Rde8 22.Nf5 Bf8
23.Re1 Kb8 24.Qa4 Nb6 25.Qc2 Qc6 26.Ba5 Rxe4 27.Rxe4 Qxe4 28.Qxe4 Bxe4 29.Ng3 Bc6
30.Bxb6 Rg8 31.Re1 Bd6 32.Re2 Kb7 33.Ba5 Bxf4 34.Nxh5 Be5 35.Rd2 Rg5 36.Ng3 Bxg3
37.hxg3 Rxg3 38.Bc3 f5 39.Rf2 Be4 40.Rd2 d5 41.Be5 Rb3 42.Kf2 Kc6 43.Rd1 d4
44.Rd2 Kd5 45.Bg7 a5 46.Bf6 a4 47.Bg7 Rb6 48.Kf1 d3 49.Bc3 c4 50.Kf2 Rg6
51.Ke3 a3 52.Bg7  0-1

[Event "Wch U14"]
[Site "Oropesa del Mar"]
[Date "1999.11.04"]
[Round "10"]
[White "Guseinov, Kadir"]
[Black "Efimenko, Zahar"]
[Result "1/2-1/2"]
[WhiteElo "2326"]
[BlackElo "2332"]

1.e4 c5 2.Nf3 Nc6 3.Nc3 g6 4.d4 cxd4 5.Nxd4 Bg7 6.Be3 Nf6 7.Bc4 Qa5 8.O-O O-O
9.Nb3 Qc7 10.Bg5 e6 11.Be2 a6 12.f4 d6 13.Kh1 b5 14.a3 Bb7 15.Bd3 b4 16.axb4 Nxb4
17.Na5 Bc8 18.Bc4 d5 19.Bxf6 Bxf6 20.exd5 Rd8 21.Qf3 exd5 22.Nxd5 Nxd5 23.Bxd5 Rb8
24.Nc6 Rxd5 25.Nxb8 Bb7 26.Nxa6 Qc8 27.Qe2 Bxb2 28.Nb4 Rd4 29.Nd3 Bxa1 30.Rxa1 Rc4
31.Rc1 Be4 32.Ne5 Rxc2 33.Rxc2 Qxc2 34.Qxc2 Bxc2  1/2-1/2

[Event "Wch U14"]
[Site "Oropesa del Mar"]
[Date "1999.11.05"]
[Round "11"]
[White "Lafuente, Pablo"]
[Black "Venkatesh, MR."]
[Result "1-0"]
[WhiteElo "2250"]
[BlackElo "2181"]

1.e4 c5 2.Nf3 Nc6 3.Nc3 Nf6 4.Bb5 g6 5.h3 Qc7 6.O-O Bg7 7.Re1 e5 8.d3 h6
9.Nd5 Nxd5 10.exd5 Ne7 11.d4 cxd4 12.c3 Qc5 13.Qe2 O-O 14.Nxe5 dxc3 15.Ng4 Nf5
16.bxc3 h5 17.Ne3 Nd6 18.a4 Nxb5 19.axb5 Qxc3 20.Rb1 Qc5 21.Bb2 a6 22.Bxg7 Kxg7
23.Qb2+ f6 24.Rec1 Qe7 25.b6 a5 26.Ra1 a4 27.Qa3 Qxa3 28.Rxa3 d6 29.Rc4 Bd7
30.Rc7 Rf7 31.Nc4 Ra6 32.Nxd6 Re7 33.Nc8 Rf7 34.Nd6 Re7 35.Nc4 Kf7 36.Rxb7 Bb5
37.Rb8 Kg7 38.Nd6 Bd7 39.Kh2 f5 40.b7 Rb6 41.Nc8 Rb3 42.Nxe7 Rxa3 43.Rg8+ Kf6
44.b8=Q  1-0